| 000 | 00862cam a2200265 a 4500 | ||
|---|---|---|---|
| 001 | 233 | ||
| 003 | BR-CuiBMT | ||
| 005 | 20231108231149.0 | ||
| 008 | 230905s2012 mgb 00| 0 por d | ||
| 020 | _a9788577005611 | ||
| 040 |
_aBR-CuiBMT _cBR-CuiBMT |
||
| 080 |
_22007 _a342 |
||
| 090 |
_a342 _bP436j |
||
| 100 | 1 | _aPereira, Bruno Claúdio Penna Amorim | |
| 245 | 1 | 0 |
_aJurisdição constitucional do processo legislativo : _blegitimidade, reinterpretação e remodelação do sistema do Brasil / _cBruno Cláudio Penna Amorim Pereira. |
| 260 |
_aBelo Horizonte : _bFórum, _c2012. |
||
| 300 |
_a200 p. ; _c22 cm |
||
| 504 | _aInclui bibliografia. | ||
| 650 |
_aDireito constitucional _zBrasil |
||
| 650 | _aJurisdição constitucional | ||
| 650 | _aDireito público | ||
| 650 | _aDireito processual | ||
| 650 | _aProcesso legislativo | ||
| 942 |
_2udc _cLV |
||
| 999 |
_c233 _d233 |
||